Prosodie émotionnelle et compréhension des actes de langage expressifs chez des enfants et adolescents avec un Trouble du Spectre Autistique. (notice n° 1899626)

détails MARC
000 -LEADER
fixed length control field 02624cam a2200301 4500500
005 - DATE AND TIME OF LATEST TRANSACTION
control field 20260329015628.0
041 ## - LANGUAGE CODE
Language code of text/sound track or separate title fre
042 ## - AUTHENTICATION CODE
Authentication code dc
100 10 - MAIN ENTRY--PERSONAL NAME
Personal name Laval, Virginie
Relator term author
245 00 - TITLE STATEMENT
Title Prosodie émotionnelle et compréhension des actes de langage expressifs chez des enfants et adolescents avec un Trouble du Spectre Autistique.
260 ## - PUBLICATION, DISTRIBUTION, ETC.
Date of publication, distribution, etc. 2012.<br/>
500 ## - GENERAL NOTE
General note 36
520 ## - SUMMARY, ETC.
Summary, etc. RésuméCette recherche se propose d’étudier le rôle de la prosodie émotionnelle dans la compréhension d’actes de langage expressifs par des enfants et des adolescents présentant un Trouble du Spectre Autistique (TSA). Vingt-six participants avec TSA et vingt-six témoins typiques doivent déterminer l’état émotionnel du locuteur à partir d’une épreuve informatisée de complètement d’histoires. Les énoncés proposés sont dépourvus de contenu sémantique (pseudo-énoncés), combinés à une prosodie négative ou positive et présentés dans deux conditions : imbriqués dans un contexte (positif ou négatif) ou isolés. Lorsque la prosodie est en compétition avec le contexte, les participants avec TSA utilisent moins la prosodie positive que leurs témoins. La discussion se focalise sur les déficits inférentiels et exécutifs présents dans les TSA.
520 ## - SUMMARY, ETC.
Summary, etc. The objective of this research is to study the role of emotional prosody in expressive language acts understanding by children and adolescents with Autism Spectrum Disorders. Twenty-six children and adolescents with ASD and twenty-six typically developing controls performed a computerized task featuring emotional prosody, either embedded in a discrepant context or without any context at all. The experimental task was to determine the emotional state of the speaker. When the prosody was embedded in a discrepant context, they relied less on the emotional prosody than the controls, but only when it was positive. We discuss these findings with respect to executive and inferential deficits presents in ASD.
690 ## - LOCAL SUBJECT ADDED ENTRY--TOPICAL TERM (OCLC, RLIN)
Topical term or geographic name as entry element compréhension
690 ## - LOCAL SUBJECT ADDED ENTRY--TOPICAL TERM (OCLC, RLIN)
Topical term or geographic name as entry element contexte
690 ## - LOCAL SUBJECT ADDED ENTRY--TOPICAL TERM (OCLC, RLIN)
Topical term or geographic name as entry element prosodie émotionnelle
690 ## - LOCAL SUBJECT ADDED ENTRY--TOPICAL TERM (OCLC, RLIN)
Topical term or geographic name as entry element TSA
690 ## - LOCAL SUBJECT ADDED ENTRY--TOPICAL TERM (OCLC, RLIN)
Topical term or geographic name as entry element Autism Spectrum Disorders
690 ## - LOCAL SUBJECT ADDED ENTRY--TOPICAL TERM (OCLC, RLIN)
Topical term or geographic name as entry element context
690 ## - LOCAL SUBJECT ADDED ENTRY--TOPICAL TERM (OCLC, RLIN)
Topical term or geographic name as entry element emotional prosody
700 10 - ADDED ENTRY--PERSONAL NAME
Personal name Le Sourn-Bissaoui, Sandrine
Relator term author
700 10 - ADDED ENTRY--PERSONAL NAME
Personal name Girard, Pauline
Relator term author
700 10 - ADDED ENTRY--PERSONAL NAME
Personal name Chevreuil, Claire
Relator term author
700 10 - ADDED ENTRY--PERSONAL NAME
Personal name Aguert, Marc
Relator term author
786 0# - DATA SOURCE ENTRY
Note Revue française de linguistique appliquée | XVII | 2 | 2012-12-01 | p. 77-88 | 1386-1204
856 41 - ELECTRONIC LOCATION AND ACCESS
Uniform Resource Identifier <a href="https://shs.cairn.info/revue-francaise-de-linguistique-appliquee-2012-2-page-77?lang=fr&redirect-ssocas=7080">https://shs.cairn.info/revue-francaise-de-linguistique-appliquee-2012-2-page-77?lang=fr&redirect-ssocas=7080</a>

Pas d'exemplaire disponible.

PLUDOC

PLUDOC est la plateforme unique et centralisée de gestion des bibliothèques physiques et numériques de Guinée administré par le CEDUST. Elle est la plus grande base de données de ressources documentaires pour les Étudiants, Enseignants chercheurs et Chercheurs de Guinée.

Adresse

627 919 101/664 919 101

25 boulevard du commerce
Kaloum, Conakry, Guinée

Réseaux sociaux

Powered by Netsen Group @ 2025